000 00746nam a22002297a 4500
999 _c15465
_d15465
003 AR-CdUCM
008 190427b ||||| |||| 00| 0 spa d
020 _a84-372-1344-4
040 _aMUNICIPALIDAD PROVINCIAL DEL CUSCO
_cBIBLIOTECA MUNICIPAL DEL CUSCO
082 _24ed.
_aEP / 346.45 /
_bG22
100 _aGarcia Sanchez, J.L.
_934547
245 _aLa niña sin nombre :
_bLos derechos del niño /
260 _aMadrid :
_bEdiciones Altea,
_c1978.
300 _a32 paginas ;
_bIlustraciones, graficos, dibujos
_c30 cm.
500 _aCuento e historia para niños
650 _aCuento
_94671
650 _aHistoria
_9136
650 _aLiteratura
_983
700 _aBalzola, Asun
_934548
942 _2ddc
_cLIBROS
945 _apjha
_d2019-04-27